=LDR 00000nam 2200000 4500 =001 INLIS000000000053247 =005 20180427023607 =035 ##$$a 0010-0418000138 =007 ta =008 180427###########################0#ind## =020 ##$$a 602-699-130-1 =082 ##$$a 495.6 =084 ##$$a 495.6 PAR k =100 #$$a Parastuti =245 1#$$a Kosakata percakapan sehari hari bahasa jepang /$c Parastuti =250 ##$$a Cet. 1 =260 ##$$a Surabaya :$b Genta grup,$c 2016 =300 ##$$a xiv,263 : $b Ilus, ; $c 18 cm =650 ##$$a Bahasa jepang =504 ##$$a Bibliografi : hlm. 292 =990 ##$$a 72927292 =990 ##$$a 01201807292